The Categories Who Say 'Ni'! Quiz Stats

 Plays Quiz not verified by Sporcle

Score 0/15 Timer 04:00
0 Plays Today
Question Answer % Correct
Not counting injury time, for how many minutes is a regulation game of association football (soccer) played?Ninety
94.8%
Kurt Cobain, Dave Grohl, and Krist Novoselic were the members of which grunge band that disbanded in 1994?Nirvana
93.5%
'Just Do It' is the slogan of which apparel company?Nike
93.3%
Which company developed the GameCube and Game Boy consoles?Nintendo
89.2%
Which TV channel has SpongeBob SquarePants as one of its original series?Nickelodeon
87.7%
In which Orwellian novel could you find the terms 'Big Brother,' 'thoughtcrime,' and 'Room 101?'Nineteen Eighty-Four
86.4%
Santa Claus is partially inspired by which Christian saint?Nicholas
83.4%
A classic internet meme pits pirates against which class of Japanese mercenaries?Ninjas
76.9%
Question Answer % Correct
What is the capital city of Cyprus?Nicosia
66.5%
Which zombie movie is director George Romero's first feature-length film?Night of the Living Dead
65.7%
Which Serbian inventor is best known for his contributions to alternating current?Nikola Tesla
65.2%
Which agent of S.H.I.E.L.D. is most famously portrayed by Samuel L. Jackson?Nick Fury
57.5%
What two word phrase translates to 'hello' from Chinese?Ni Hao
56.4%
Which Biblical hunter's name has been popularized by Bugs Bunny to call someone an idiot?Nimrod
40.2%
Which metal can be found between zirconium and molybdenum on the periodic table?Niobium
33.5%

You're not logged in!

Compare scores with friends on all Sporcle quizzes.
OR
Log In

You Might Also Like...

Show Comments

Extras

Top Quizzes Today


Score Distribution

Your Account Isn't Verified!

In order to create a playlist on Sporcle, you need to verify the email address you used during registration. Go to your Sporcle Settings to finish the process.

Report this User

Report this user for behavior that violates our Community Guidelines.

Details: